[Event "Carlsen Inv Prelim"]
[Site "chess24.com INT"]
[Date "2020.04.30"]
[Round "7.1"]
[White "Ding, Liren"]
[Black "Carlsen, Magnus"]
[Result "1-0"]
[WhiteElo "2791"]
[BlackElo "2863"]
[Annotator "Edouard,R"]
[PlyCount "58"]
[EventDate "2020.04.18"]
[EventType "tourn (rapid)"]
[EventRounds "7"]
[EventCountry "USA"]
[EventCategory "22"]
[SourceTitle "CBM 196"]
[Source "ChessBase"]
[SourceDate "2020.06.30"]
[SourceVersion "1"]
[SourceVersionDate "2020.06.30"]
[SourceQuality "1"]

{[%evp 0,58,19,38,41,14,47,68,68,64,74,62,76,42,33,51,44,35,35,14,41,12,1,14,
14,20,27,17,18,2,24,52,89,58,58,63,45,33,98,86,218,64,332,81,196,181,246,239,
342,366,323,347,474,515,511,621,621,641,636,643,1526]} 1. e4 Nc6 2. Nf3 {
Changing from 2.d4, as in the previous game. Black has several possibilities
here: 2...d6 (playing some sort of Pirc Defence when White already played Nf3),
2...e5 (transposing into 1.e4 e5 2.Nf3 Nc6), or the Scandinavian way as in the
game.} d5 3. exd5 Qxd5 4. Nc3 Qa5 5. d4 Bg4 6. Bb5 O-O-O 7. Bxc6 bxc6 8. h3 Qh5
9. Be3 $5 (9. Qe2 {can lead to very weird games:} Bxf3 10. gxf3 e6 11. Ne4 Rxd4
12. Be3 Qa5+ 13. c3 Ra4 14. O-O Qb5 15. Qc2 Nf6 16. b3 Ra5 17. b4 Qa4 18. Qe2
Rh5 19. Ng3 Rxh3 20. Kg2 Rh4 21. Bg5 Nd5 22. Rfd1 h6 23. Rxd5 Rh2+ $1 {0-1
Riff,J (2469)-Bauer,C (2625) SUI 2009}) 9... Nf6 (9... Bxf3 10. gxf3 e5 11. Qe2
$1 exd4 12. Qa6+ Kb8 13. O-O-O Qc5 14. Qa4 $16 {1-0 (30) Muzychuk,A (2558)
-Zhao Xue (2504) Doha 2016}) 10. Qe2 Bxf3 11. gxf3 e6 12. O-O-O Kb7 13. Rhg1 $1
$146 (13. Rd3 Rb8 14. Rg1 h6 $6 15. Bf4 Qf5 16. Be5 $16 {0-1 (56) Guseinov,G 
(2613)-Bacrot,E (2720) Dubai 2014}) 13... h6 (13... Qxh3 14. Ne4 Nd5 15. Kb1
Rb8 16. c4 Nxe3 17. fxe3 $40) (13... Nd5 14. Ne4 $40) (13... Qa5 14. Kb1 h6 15.
Ne4 $14) 14. Rd3 $1 {Let's be clear: Ding is just crushing Carlsen's line.} Rg8
$6 {Difficult to think of a worse move, as after White's next move, the knight
on f6 will be hanging.} (14... Rb8 $142) 15. Ne4 Be7 (15... Nxe4 16. Rb3+ Kc8
17. Qa6+ Kd7 18. fxe4 $18) 16. Rb3+ Kc8 17. Qa6+ Kd7 18. Rd1 $1 Qxf3 (18... Qf5
19. d5 $1 exd5 (19... cxd5 20. Qa4+ $18) (19... Nxd5 20. c4 $18) 20. Rc3 Qe6
21. Bxa7 Ra8 22. Qb7 $18) 19. Nd2 (19. d5 $3 {was a crusher:} exd5 (19... Nxd5
20. Nc5+ $1 Bxc5 21. Bxc5 Qf4+ 22. Be3 Qd6 23. c4 $18) (19... cxd5 20. Qa4+ c6
21. Rb7+ Ke8 22. Nxf6+ Qxf6 23. Qxc6+ Kf8 24. Rxe7 $1 $18) 20. Rc3 $1 Ke8 21.
Qxc6+ Kf8 22. Nxf6 Qxf6 23. Qxc7 $18) 19... Qxh3 $2 (19... Qd5 {was necessary,
but Black's position remains terrible.}) 20. Nc4 $1 Ke8 21. Ne5 Bd6 22. Nxc6
Ra8 23. Qb7 Kd7 24. Ne5+ Ke7 25. Bf4 $1 {The game is over.} Qf5 26. Nc6+ Kd7
27. Bxd6 Kxd6 28. Ne5 Qf4+ 29. Kb1 Rgf8 1-0

[Event "Carlsen Inv Final 4"]
[Site "chess24.com INT"]
[Date "2020.05.03"]
[Round "2.3"]
[White "Carlsen, Magnus"]
[Black "Nakamura, Hikaru"]
[Result "1-0"]
[WhiteElo "2863"]
[BlackElo "2736"]
[Annotator "Edouard,R"]
[PlyCount "103"]
[EventDate "2020.05.01"]
[EventType "k.o. (rapid)"]
[EventRounds "2"]
[EventCountry "USA"]
[SourceTitle "CBM 196"]
[Source "ChessBase"]
[SourceDate "2020.06.30"]
[SourceVersion "1"]
[SourceVersionDate "2020.06.30"]
[SourceQuality "1"]

{[%evp 0,103,14,30,23,3,-4,6,6,10,13,2,26,-2,50,27,27,12,35,42,48,58,24,-1,-14,
0,-12,-27,15,1,23,0,35,25,37,36,40,36,35,34,42,19,44,45,26,18,43,43,37,42,35,
37,46,57,56,46,63,61,74,81,60,69,68,65,88,50,63,60,50,52,138,133,154,143,199,
153,169,163,152,209,201,197,236,154,213,162,166,166,199,218,268,310,310,619,
653,675,623,699,815,1028,1142,1152,1242,1272,1396,1568]} 1. d4 Nf6 2. c4 e6 3.
Nf3 d5 4. Nc3 Be7 5. Bf4 O-O 6. e3 Nbd7 7. Be2 dxc4 8. O-O c5 9. dxc5 Bxc5 10.
Bxc4 a6 11. Ng5 $5 b5 $2 ({Later, at the Nations Cup, Nakamura improved on his
play with} 11... h6 12. Nge4 Be7 13. a4 Nxe4 14. Nxe4 Nf6 {and eventually made
a draw against Maxime Vachier-Lagrave. Still, even in that game he was
suffering:} 15. Qf3 $1 (15. Nd6 Bd7 $1 $132) 15... Bd7 16. Nxf6+ Bxf6 17. Qxb7
Qc8 18. Qb3 Ra7 (18... Bxb2 19. Qxb2 Qxc4 20. Rfd1 Bxa4 21. Bxh6 $1 gxh6 $2 22.
Rd4 {could have been a fun way for the game to finish}) 19. Qa2 $6 {White had
several good tries instead.} (19. Rac1 $5) (19. Rab1 $5) (19. e4 $5) 19... Bxb2
20. Rab1 Bf6 21. Rfc1 Qa8 22. a5 Rc8 23. Bf1 Rxc1 24. Rxc1 Bb5 $11 {½-½ (31)
Vachier Lagrave,M (2778)-Nakamura,H (2736) chess.com 2020}) 12. Bxe6 $1 fxe6
13. Nxe6 Qe7 (13... Qe8 {isn't satisfactory for Black either:} 14. Nxf8 Bxf8
15. Bd6 Bb7 16. Bxf8 Nxf8 (16... Qxf8 17. Qd4 $16) 17. a4 b4 18. Qb3+ Ne6 19.
Qxb4 Rb8 20. Qc4 (20. Qh4 $5) 20... Rc8 21. Qb3 {(bringing his queen to the
wrong side of the board allowed Black to take the initiative)} Rb8 22. Qc2 Ng5
23. Rae1 Bf3 $3 24. Qf5 Qh5 25. h4 Qxh4 26. Qf4 Nh3+ 27. gxh3 Qxh3 28. Qxb8+
Kf7 29. Qc7+ Kg8 $11 {½-½ (36) Wojtaszek,R (2725)-Andreikin,D (2724)
Jerusalem 2019}) 14. Nxf8 Qxf8 15. Ne4 $1 {White is going to grab the bishop
pair and will have a better position thanks to his fantastic centre,
especially once he manages to push f3 and e4.} Bb7 (15... Nxe4 $2 16. Qd5+ $18)
(15... Be7 16. Nd6 $16) 16. Nxc5 Qxc5 17. Rc1 $1 Qd5 18. f3 $1 {White gives
away one of his pawns to take a huge initiative.} Qxa2 19. e4 Nf8 (19... Qxb2
$2 20. Rc7 $18) 20. Rf2 Rc8 21. Rxc8 Bxc8 22. Qd8 Qe6 23. Bd6 Qe8 (23... Ne8
24. Bb4 $16) 24. Qxe8 Nxe8 25. Bb4 $1 {The b4-bishop dominates the black
queenside pawns, and White is superior and not worse on the kingside.} Ne6 26.
Rd2 Kf7 27. Kf2 Nf6 28. Ke3 g5 29. Rd6 Nd7 30. g3 {Just a lesson in technique.
Black has two knights, but he can't do much with them.} Ne5 31. b3 h5 32. h4 $1
gxh4 33. gxh4 Ng6 34. Be1 {Calmly.} a5 35. Rd5 $1 {White is not in a hurry to
capture the a5-pawn (at all!).} a4 36. Rxh5 Nef4 (36... axb3 37. Rxb5 $18) 37.
Rg5 $1 (37. Rxb5 Ng2+ 38. Kf2 Nxe1 39. Kxe1 Nxh4 40. Kf2 axb3 41. Rxb3 {
may also win, as Black shouldn't be able to sac one of his pieces for the two
white pawns, but there was no reason for White to enter such an endgame.})
37... axb3 38. h5 Nf8 (38... b2 $2 39. hxg6+ Nxg6 40. Rxb5 $18) 39. Bc3 {
Black has taken another pawn on the queenside, but the result remains the same:
the white bishop blocks them all!} ({Of course not} 39. Kxf4 $4 Ne6+ $19) 39...
b4 40. Bb2 N8e6 (40... N4e6 41. Rb5 $18) 41. Rf5+ Kg8 42. Rxf4 $1 {The right
choice - the opposite coloured bishops endgame is hopeless for Black.} (42. Ra5
$5) 42... Nxf4 43. Kxf4 Ba6 (43... Kh7 44. Ke5 Kh6 45. f4 Kxh5 46. f5 $18) 44.
Kg5 Bd3 45. Kg6 Bb5 46. f4 Be8+ 47. Kg5 Bc6 48. e5 Bd5 49. f5 Kh7 50. e6 Bc4
51. Kf6 Be2 52. Ke7 1-0

[Event "FIDE Steinitz Memorial"]
[Site "chess24.com INT"]
[Date "2020.05.15"]
[Round "1"]
[White "Carlsen, Magnus"]
[Black "Svidler, Peter"]
[Result "1/2-1/2"]
[WhiteElo "2863"]
[BlackElo "2723"]
[PlyCount "116"]
[EventDate "2020.05.15"]
[EventType "tourn (blitz)"]
[EventRounds "18"]
[EventCountry "USA"]
[EventCategory "20"]
[SourceTitle "CBM 196 Extra"]
[Source "ChessBase"]
[SourceDate "2020.07.31"]
[SourceVersion "1"]
[SourceVersionDate "2020.07.31"]
[SourceQuality "1"]

1. c3 e5 2. c4 Nf6 3. Nc3 Bb4 4. h4 O-O 5. e3 c6 6. g4 d5 7. g5 Ne8 8. a3 Be7
9. cxd5 cxd5 10. d4 exd4 11. exd4 Nc6 12. Bg2 Nc7 13. Nge2 Bf5 14. Ng3 Be6 15.
O-O Qd7 16. Bf4 Rad8 17. Re1 Rfe8 18. Qd3 Bd6 19. Nh5 Bg4 20. Rxe8+ Rxe8 21.
Bxd6 Qxd6 22. Qg3 Qxg3 23. Nxg3 Nxd4 24. Nxd5 Nxd5 25. Bxd5 Kf8 26. Bxb7 Rb8
27. Be4 Rxb2 28. Rc1 Rb3 29. Rc4 Nf3+ 30. Bxf3 Bxf3 31. Nf5 Ke8 32. Rc7 Bd5 33.
Nxg7+ Kd8 34. Rc5 Bb7 35. Ra5 Rh3 36. Kf1 Rxh4 37. Rxa7 Kc7 38. Ra5 h6 39. gxh6
Rxh6 40. Rf5 Ba6+ 41. Ke1 Rh3 42. Rxf7+ Kb6 43. f3 Rh1+ 44. Kf2 Ra1 45. Rf6+
Ka5 46. Ne6 Rxa3 47. Nd4 Bc4 48. Kg3 Kb4 49. Kf4 Kc3 50. Ke4 Ra8 51. Nc6 Be2
52. f4 Ra4+ 53. Ke5 Bf3 54. f5 Ra6 55. Nd4 Rxf6 56. Nb5+ Kd2 57. Kxf6 Bg4 58.
Ke5 Bxf5 1/2-1/2

[Event "FIDE Steinitz Memorial"]
[Site "chess24.com INT"]
[Date "2020.05.15"]
[Round "2"]
[White "Le, Quang Liem"]
[Black "Carlsen, Magnus"]
[Result "0-1"]
[WhiteElo "2709"]
[BlackElo "2863"]
[PlyCount "120"]
[EventDate "2020.05.15"]
[EventType "tourn (blitz)"]
[EventRounds "18"]
[EventCountry "USA"]
[EventCategory "20"]
[SourceTitle "CBM 196 Extra"]
[Source "ChessBase"]
[SourceDate "2020.07.31"]
[SourceVersion "1"]
[SourceVersionDate "2020.07.31"]
[SourceQuality "1"]

1. Nf3 d5 2. d4 Nf6 3. c4 e6 4. g3 Bb4+ 5. Nbd2 O-O 6. Bg2 b6 7. O-O Bb7 8. b3
a5 9. Bb2 a4 10. a3 Bxd2 11. Nxd2 axb3 12. Nxb3 Qc8 13. Rc1 dxc4 14. Bxb7 Qxb7
15. Rxc4 Nbd7 16. Qc2 Rfc8 17. Rc1 Ne8 18. a4 h6 19. Nd2 Qa6 20. e3 Ra7 21. Ne4
Rca8 22. h4 Qb7 23. Bc3 Nd6 24. Nxd6 cxd6 25. Be1 d5 26. Rb4 Qa6 27. Qc6 Qe2
28. Kg2 Nf6 29. Qc2 Qxc2 30. Rxc2 Rxa4 31. Rxb6 Ra2 32. Rbc6 g5 33. hxg5 hxg5
34. f3 R8a3 35. Bf2 g4 36. fxg4 Nxg4 37. Kf3 Rxc2 38. Rxc2 Nf6 39. g4 Ra1 40.
Bg3 Ne4 41. Be5 Kh7 42. Kg2 Kg6 43. Bf4 f6 44. Rb2 Rd1 45. Rc2 Rd3 46. Re2 Nd2
47. Kf2 Nc4 48. Bg3 Kg5 49. Kf3 Nd2+ 50. Kg2 Kxg4 51. Bf4 Nc4 52. Kf2 Kf5 53.
Kf3 e5 54. dxe5 fxe5 55. Bg3 d4 56. Bf2 Rb3 57. Re1 e4+ 58. Kg2 d3 59. Rc1 d2
60. Rd1 Kg4 0-1

[Event "FIDE Steinitz Memorial"]
[Site "chess24.com INT"]
[Date "2020.05.15"]
[Round "4"]
[White "Korobov, Anton"]
[Black "Carlsen, Magnus"]
[Result "1-0"]
[WhiteElo "2688"]
[BlackElo "2863"]
[PlyCount "97"]
[EventDate "2020.05.15"]
[EventType "tourn (blitz)"]
[EventRounds "18"]
[EventCountry "USA"]
[EventCategory "20"]
[SourceTitle "CBM 196 Extra"]
[Source "ChessBase"]
[SourceDate "2020.07.31"]
[SourceVersion "1"]
[SourceVersionDate "2020.07.31"]
[SourceQuality "1"]

1. d4 Nf6 2. c4 e6 3. Nf3 d5 4. Nc3 Be7 5. Bf4 O-O 6. e3 b6 7. cxd5 Nxd5 8.
Nxd5 Qxd5 9. a3 c5 10. dxc5 Qxd1+ 11. Rxd1 Bxc5 12. Bd3 Bb7 13. Ng5 h6 14. Ne4
Be7 15. O-O Rd8 16. Bb1 Nd7 17. Bc7 Bd5 18. Bxd8 Rxd8 19. Nc3 Bb3 20. Rd2 Nc5
21. Rxd8+ Bxd8 22. Ba2 Bc2 23. Rc1 Bg6 24. Bb1 Bh5 25. Ne4 Be7 26. Nxc5 bxc5
27. b4 cxb4 28. Rc8+ Bf8 29. axb4 g5 30. Bd3 Kg7 31. b5 Bd6 32. f3 g4 33. f4 g3
34. hxg3 Bg4 35. Kf2 e5 36. Rc6 Bb8 37. f5 h5 38. e4 Bd1 39. Be2 Ba4 40. Ra6
Bc2 41. Ke3 Bc7 42. Rc6 Bb6+ 43. Kf3 Ba4 44. g4 hxg4+ 45. Kxg4 Bb3 46. Kf3 f6
47. g4 Bf7 48. Bc4 Be8 49. Re6 1-0

[Event "FIDE Steinitz Memorial"]
[Site "chess24.com INT"]
[Date "2020.05.15"]
[Round "5"]
[White "Carlsen, Magnus"]
[Black "Anton Guijarro, David"]
[Result "1-0"]
[WhiteElo "2863"]
[BlackElo "2703"]
[PlyCount "83"]
[EventDate "2020.05.15"]
[EventType "tourn (blitz)"]
[EventRounds "18"]
[EventCountry "USA"]
[EventCategory "20"]
[SourceTitle "CBM 196 Extra"]
[Source "ChessBase"]
[SourceDate "2020.07.31"]
[SourceVersion "1"]
[SourceVersionDate "2020.07.31"]
[SourceQuality "1"]

1. e4 e5 2. Nf3 Nc6 3. Bb5 a6 4. Ba4 Nf6 5. d3 Bc5 6. c3 d6 7. Nbd2 O-O 8. Nf1
d5 9. Qe2 b5 10. Bb3 d4 11. Ng3 a5 12. a3 Rb8 13. O-O dxc3 14. bxc3 b4 15. Ba4
Rb6 16. Bxc6 Rxc6 17. cxb4 axb4 18. axb4 Bxb4 19. Nxe5 Re6 20. Bb2 c5 21. Nf5
Rfe8 22. f4 Rb6 23. Ne3 Ba6 24. N3c4 Bxc4 25. Nxc4 Rb8 26. Ra7 Nd7 27. Bxg7
Kxg7 28. Qg4+ Kf8 29. Rxd7 Qf6 30. e5 Qg6 31. Qf3 Rbd8 32. f5 Qg5 33. Rxd8 Rxd8
34. e6 Bc3 35. Kh1 Qf6 36. exf7 Qxf7 37. h3 Bd4 38. Qe4 Qe7 39. Qg4 Qf7 40. f6
Bxf6 41. Ne5 Qg7 42. Qe6 1-0

[Event "FIDE Steinitz Memorial"]
[Site "chess24.com INT"]
[Date "2020.05.16"]
[Round "8"]
[White "Carlsen, Magnus"]
[Black "Xiong, Jeffery"]
[Result "1-0"]
[WhiteElo "2863"]
[BlackElo "2709"]
[PlyCount "135"]
[EventDate "2020.05.15"]
[EventType "tourn (blitz)"]
[EventRounds "18"]
[EventCountry "USA"]
[EventCategory "20"]
[SourceTitle "CBM 196 Extra"]
[Source "ChessBase"]
[SourceDate "2020.07.31"]
[SourceVersion "1"]
[SourceVersionDate "2020.07.31"]
[SourceQuality "1"]

1. d4 Nf6 2. Nf3 d5 3. Bf4 Bf5 4. e3 e6 5. Ne5 Nfd7 6. c4 Nxe5 7. Bxe5 Nc6 8.
Bg3 Nb4 9. Na3 c6 10. Be2 Be7 11. O-O O-O 12. Qd2 a5 13. Rfc1 b6 14. cxd5 exd5
15. Nb1 Qd7 16. Nc3 Na6 17. a3 Qb7 18. Bd3 Bxd3 19. Qxd3 Rfc8 20. Rc2 Nc7 21.
Bxc7 Rxc7 22. Rac1 Rac8 23. Qf5 Bd6 24. g3 b5 25. a4 b4 26. Ne2 b3 27. Rc3 Qb4
28. Qd3 Qxa4 29. Rxb3 Bb4 30. Nf4 g6 31. h4 Rd7 32. Kg2 Kg7 33. h5 Rb8 34. Rh1
Rd6 35. Qd1 Rf6 36. Nd3 Qb5 37. h6+ Kg8 38. Qc2 Qc4 39. Rc1 Qa6 40. Ne5 Rc8 41.
Qd3 Qb7 42. Qd1 Qe7 43. Qg4 Rc7 44. Nd3 Rf5 45. Nxb4 axb4 46. Rc5 Qf6 47. Qe2
Rb7 48. Ra5 Qd8 49. Ra4 Rh5 50. Raxb4 Rxb4 51. Rxb4 Rxh6 52. Qf3 Kg7 53. Qf4
Qd7 54. Qe5+ f6 55. Qb8 Qh3+ 56. Kf3 Qf5+ 57. Ke2 Qc2+ 58. Kf3 Qd1+ 59. Kf4 g5+
60. Kf5 Qd3+ 61. Ke6 Qe4+ 62. Kd7 f5 63. Qe5+ Kf7 64. Rb8 Qxe5 65. dxe5 Re6 66.
Rf8+ Kxf8 67. Kxe6 f4 68. Kd7 1-0

[Event "FIDE Steinitz Memorial"]
[Site "chess24.com INT"]
[Date "2020.05.16"]
[Round "10"]
[White "Svidler, Peter"]
[Black "Carlsen, Magnus"]
[Result "1-0"]
[WhiteElo "2723"]
[BlackElo "2863"]
[PlyCount "95"]
[EventDate "2020.05.15"]
[EventType "tourn (blitz)"]
[EventRounds "18"]
[EventCountry "USA"]
[EventCategory "20"]
[SourceTitle "CBM 196 Extra"]
[Source "ChessBase"]
[SourceDate "2020.07.31"]
[SourceVersion "1"]
[SourceVersionDate "2020.07.31"]
[SourceQuality "1"]

1. e4 e5 2. Nf3 Nc6 3. Bb5 Nf6 4. d3 d6 5. O-O Be7 6. c3 O-O 7. Re1 a6 8. Ba4
Re8 9. Nbd2 b5 10. Bc2 Bf8 11. d4 Bb7 12. a4 Nb8 13. Bd3 c6 14. b3 Nbd7 15. Qc2
Qc7 16. Bb2 Nh5 17. Bf1 Nf4 18. g3 Ne6 19. b4 Nb6 20. axb5 cxb5 21. d5 Nd4 22.
Nxd4 exd4 23. c4 Rac8 24. Bxd4 Nxc4 25. Nxc4 bxc4 26. Rac1 f5 27. Bh3 fxe4 28.
Bxc8 Rxc8 29. Qxe4 Qf7 30. Qg4 Qxd5 31. Qe6+ Qxe6 32. Rxe6 Kf7 33. Re3 Bd5 34.
Bc3 Bc6 35. Ra1 Ra8 36. Rae1 d5 37. Rf3+ Kg8 38. Re6 Rc8 39. Rf4 Bb5 40. h4 Rd8
41. Rb6 Bd6 42. Rg4 Rd7 43. h5 h6 44. Rg6 Bf8 45. Bd4 Bxb4 46. Rb8+ Kh7 47. f4
c3 48. Rxh6+ 1-0

[Event "FIDE Steinitz Memorial"]
[Site "chess24.com INT"]
[Date "2020.05.16"]
[Round "12"]
[White "Mamedyarov, Shakhriyar"]
[Black "Carlsen, Magnus"]
[Result "1/2-1/2"]
[WhiteElo "2764"]
[BlackElo "2863"]
[PlyCount "149"]
[EventDate "2020.05.15"]
[EventType "tourn (blitz)"]
[EventRounds "18"]
[EventCountry "USA"]
[EventCategory "20"]
[SourceTitle "CBM 196 Extra"]
[Source "ChessBase"]
[SourceDate "2020.07.31"]
[SourceVersion "1"]
[SourceVersionDate "2020.07.31"]
[SourceQuality "1"]

1. d4 d5 2. c4 c6 3. Nf3 Nf6 4. Qb3 e6 5. Bf4 dxc4 6. Qxc4 b5 7. Qb3 Bb7 8. e3
Nbd7 9. Nbd2 Be7 10. Be2 a6 11. a4 c5 12. axb5 Bd5 13. Qc2 axb5 14. Rxa8 Qxa8
15. Bxb5 cxd4 16. exd4 O-O 17. O-O Rc8 18. Qd3 Nf8 19. b3 Ng6 20. Bg3 Ne4 21.
Nxe4 Bxe4 22. Qe3 Bd5 23. h3 h6 24. Bc4 Bxc4 25. bxc4 Rxc4 26. Ne5 Nxe5 27.
Bxe5 Qd5 28. Qg3 f6 29. Bf4 Kf7 30. Be3 Bd6 31. Qg4 f5 32. Qh5+ Kf8 33. Qh4 Kg8
34. Rb1 Kh7 35. Rd1 f4 36. Bc1 Rxd4 37. Rxd4 Qxd4 38. Qg4 Qe4 39. Qd1 Bc5 40.
Bd2 Bd4 41. Qf3 Qb1+ 42. Kh2 e5 43. g3 Qc2 44. Be1 fxg3+ 45. Kxg3 Qg6+ 46. Kh2
e4 47. Qg4 Qxg4 48. hxg4 Kg6 49. Kg3 Be5+ 50. f4 Bd6 51. Bd2 Kf6 52. Kf2 Ke6
53. Ke3 Kd5 54. f5 Be7 55. Ke2 Bg5 56. Bc3 Bf6 57. Bd2 Ke5 58. Bc1 Kd4 59. Be3+
Kd5 60. Bc1 Ke5 61. Bd2 Kd4 62. Be3+ Kc3 63. Bc1 Kc4 64. Bf4 Kd5 65. Bc1 Bd4
66. Bf4 Bc3 67. Be3 Ke5 68. Bc1 Kf6 69. Bf4 Be5 70. Ke3 h5 71. Kxe4 Bxf4 72.
Kxf4 g5+ 73. fxg6 hxg4 74. g7 Kxg7 75. Kxg4 1/2-1/2

[Event "FIDE Steinitz Memorial"]
[Site "chess24.com INT"]
[Date "2020.05.17"]
[Round "13"]
[White "Carlsen, Magnus"]
[Black "Korobov, Anton"]
[Result "1-0"]
[WhiteElo "2863"]
[BlackElo "2688"]
[PlyCount "71"]
[EventDate "2020.05.15"]
[EventType "tourn (blitz)"]
[EventRounds "18"]
[EventCountry "USA"]
[EventCategory "20"]
[SourceTitle "CBM 196 Extra"]
[Source "ChessBase"]
[SourceDate "2020.07.31"]
[SourceVersion "1"]
[SourceVersionDate "2020.07.31"]
[SourceQuality "1"]

1. d4 Nf6 2. Nf3 g6 3. c4 Bg7 4. Nc3 d6 5. e4 O-O 6. h3 a6 7. Be3 c6 8. c5 Nbd7
9. a3 b5 10. Be2 a5 11. O-O Bb7 12. Qc2 dxc5 13. dxc5 Qc7 14. Rfd1 Rfd8 15.
Rac1 Nh5 16. Bf1 Nf8 17. a4 b4 18. Nb1 e5 19. Nbd2 Ne6 20. Nc4 Nd4 21. Bxd4
exd4 22. e5 Ba6 23. Nd6 Bxf1 24. Kxf1 Nf4 25. Qe4 Ne6 26. Nxd4 Nxd4 27. Rxd4
Qe7 28. Re1 Qe6 29. Qxc6 Qb3 30. Qd5 Qxb2 31. Qxf7+ Kh8 32. Qd5 Rf8 33. Rd2 Qc3
34. e6 b3 35. e7 b2 36. exf8=Q+ 1-0

[Event "FIDE Steinitz Memorial"]
[Site "chess24.com INT"]
[Date "2020.05.17"]
[Round "14"]
[White "Anton Guijarro, David"]
[Black "Carlsen, Magnus"]
[Result "1/2-1/2"]
[WhiteElo "2703"]
[BlackElo "2863"]
[PlyCount "95"]
[EventDate "2020.05.15"]
[EventType "tourn (blitz)"]
[EventRounds "18"]
[EventCountry "USA"]
[EventCategory "20"]
[SourceTitle "CBM 196 Extra"]
[Source "ChessBase"]
[SourceDate "2020.07.31"]
[SourceVersion "1"]
[SourceVersionDate "2020.07.31"]
[SourceQuality "1"]

1. Nf3 d5 2. b3 Bf5 3. Bb2 e6 4. g3 Nf6 5. Bg2 h6 6. d3 Be7 7. O-O O-O 8. Nbd2
a5 9. a4 Na6 10. Re1 Bh7 11. e4 dxe4 12. dxe4 Nb4 13. Nd4 Bc5 14. Nc4 Bxd4 15.
Bxd4 Nxc2 16. Bxf6 Qxd1 17. Rexd1 gxf6 18. Rac1 Nb4 19. Rd7 Rfc8 20. Bf3 Bg6
21. e5 Nd3 22. Rc3 Nc5 23. Re7 Kg7 24. Nd2 Rd8 25. Rxc5 Rxd2 26. exf6+ Kxf6 27.
Rexc7 Rd3 28. Bxb7 Rb8 29. Bc6 Rbxb3 30. Kg2 Rdc3 31. Ba8 Rxc5 32. Rxc5 Rb8 33.
Bf3 e5 34. Rxa5 e4 35. Bg4 Rb2 36. Kf1 e3 37. fxe3 Rxh2 38. Rc5 Ra2 39. a5 Be4
40. Be2 Ra3 41. Kf2 Ra2 42. Ke1 Ra1+ 43. Kd2 Ra2+ 44. Kd1 Ra1+ 45. Kd2 Ra2+ 46.
Ke1 Ra1+ 47. Kf2 Ra2 48. Ke1 1/2-1/2

[Event "FIDE Steinitz Memorial"]
[Site "chess24.com INT"]
[Date "2020.05.17"]
[Round "18"]
[White "Xiong, Jeffery"]
[Black "Carlsen, Magnus"]
[Result "1/2-1/2"]
[WhiteElo "2709"]
[BlackElo "2863"]
[PlyCount "140"]
[EventDate "2020.05.15"]
[EventType "tourn (blitz)"]
[EventRounds "18"]
[EventCountry "USA"]
[EventCategory "20"]
[SourceTitle "CBM 196 Extra"]
[Source "ChessBase"]
[SourceDate "2020.07.31"]
[SourceVersion "1"]
[SourceVersionDate "2020.07.31"]
[SourceQuality "1"]

1. d4 g6 2. Nf3 d6 3. e4 Nf6 4. Bd3 Bg7 5. O-O O-O 6. c3 c5 7. dxc5 dxc5 8. Qe2
Nc6 9. h3 Qc7 10. Re1 b6 11. Na3 Nd7 12. Nc4 Bb7 13. Bg5 b5 14. Ne3 c4 15. Bc2
e6 16. Ng4 h5 17. Ngh2 b4 18. Qxc4 bxc3 19. bxc3 Rac8 20. Rab1 Nce5 21. Qxc7
Rxc7 22. Be7 Rfc8 23. Bd6 Rxc3 24. Rxb7 Rxc2 25. Rxa7 Rc1 26. Ba3 Rxe1+ 27.
Nxe1 Nc5 28. Bxc5 Rxc5 29. Ra8+ Kh7 30. Nhf3 Rc1 31. Kh2 Bf6 32. g3 Nxf3+ 33.
Nxf3 Rc2 34. Kg2 Kg7 35. Ra7 g5 36. e5 Bd8 37. Rd7 Bb6 38. Rd2 Rc5 39. Nxg5
Rxe5 40. h4 Kg6 41. Rd7 f6 42. Nh3 Ra5 43. Nf4+ Kf5 44. Rd2 Bc7 45. Nxh5 Kg6
46. g4 f5 47. f3 fxg4 48. fxg4 Ra4 49. Kf3 Ra3+ 50. Ke2 Ra4 51. Rd7 Rxg4 52.
Rxc7 Kxh5 53. Kd3 Ra4 54. Rc2 e5 55. Re2 Ra5 56. Kc4 Kxh4 57. Kb4 Rd5 58. Kc4
Ra5 59. Kb4 Ra8 60. a4 Re8 61. a5 e4 62. a6 Kg3 63. Kc5 Kf3 64. Ra2 e3 65. a7
e2 66. Ra1 Ra8 67. Kb6 Kf2 68. Kb7 Rxa7+ 69. Kxa7 e1=Q 70. Rxe1 Kxe1 1/2-1/2